00719nam a22001937a 4500003001100000008004100011040003900052041000800091082001600099111008300115245003900198260005200237300004100289650004400330650003800374942000700412952009100419999001500510LK-CoMWRAF240611b |||||||| |||| 00| 0 eng d aLK-CoMWRAFdLK-CoMWRAFeLK-CoMWRAF aeng a305.42bWOM aTENTH NATIONAL CONVENTION ON WOMEN'S STUDIES c( Colombo,d 2-6 th April 2006) aSESSION V:binformation Technology a Colombo: bCentre for Women's Research, c2006 a29 p.; tablesbBibliography included a WOMEN'S STUDIES- Sri Lanka- Congresses aGender and Information Technology cCP 00104070aMAINbMAINd2024-06-11l0o305.42 WOMpRAF5283r2024-06-11w2024-06-11yCP c4910d4910